[Event "Mumbai Wealth op U13 4th"]
[Site "Mumbai"]
[Date "2019.01.07"]
[Round "9"]
[White "Ayush, Sharma"]
[Black "Dhanvij, Ansh"]
[Result "1-0"]
[WhiteElo "1778"]
[BlackElo "1523"]
[PlyCount "75"]
[EventDate "2018.12.30"]
[EventType "swiss"]
[EventRounds "9"]
[EventCountry "IND"]
[SourceTitle "CBM 188 Extra"]
[Source "ChessBase"]
[SourceDate "2019.02.28"]
[SourceVersion "1"]
[SourceVersionDate "2019.02.28"]
[SourceQuality "1"]

1. e4 c6 2. d4 d5 3. exd5 cxd5 4. Bd3 Nc6 5. c3 Qc7 6. Ne2 Bg4 7. f3 Bd7 8. Bf4 e5 9. dxe5 Nxe5 10. 0-0 Bd6 11. Na3 Nf6 12. Nb5 Qb6+ 13. Ned4 Bxb5 14. Bxb5+ Kf8 15. Be3 Bc5 16. Qe2 a6 17. b4 Bxd4 18. Bxd4 Qxb5 19. Qxe5 Qc6 20. Rfe1 Re8 21. Qf5 Re6 22. Re5 Rxe5 23. Qxe5 h6 24. Qb8+ Qe8 25. Qxb7 Kg8 26. Qxa6 Nd7 27. a4 Kh7 28. Qd3+ Kg8 29. a5 f6 30. Qf5 Qf7 31. a6 g6 32. Qf4 Kg7 33. a7 Ra8 34. Qc7 Qe8 35. b5 Rxa7 36. Bxa7 g5 37. b6 Qe3+ 38. Kh1 1-0

[Event "Mumbai Wealth op U13 4th"]
[Site "Mumbai"]
[Date "2019.01.06"]
[Round "8"]
[White "Dhanvij, Ansh"]
[Black "Sadbhav, Rautela"]
[Result "1-0"]
[WhiteElo "1523"]
[BlackElo "1746"]
[PlyCount "67"]
[EventDate "2018.12.30"]
[EventType "swiss"]
[EventRounds "9"]
[EventCountry "IND"]
[SourceTitle "CBM 188 Extra"]
[Source "ChessBase"]
[SourceDate "2019.02.28"]
[SourceVersion "1"]
[SourceVersionDate "2019.02.28"]
[SourceQuality "1"]

1. d4 d5 2. c4 c6 3. Nc3 Nf6 4. Nf3 e6 5. g3 Bd6 6. Bg2 0-0 7. 0-0 Nbd7 8. Qd3 dxc4 9. Qxc4 Qc7 10. e4 e5 11. Rd1 Nb6 12. Qe2 exd4 13. Nxd4 Qe7 14. a4 a5 15. Be3 Bc7 16. h3 Be6 17. f4 Rad8 18. Bf2 Rfe8 19. e5 Nfd5 20. Ne4 Bc8 21. Qh5 f6 22. exf6 Nxf6 23. Nxf6+ Qxf6 24. Nf3 Nd5 25. Ng5 Bf5 26. Re1 Bg6 27. Qg4 Qxb2 28. f5 Bf7 29. Nxf7 Kxf7 30. Qh5+ Kf8 31. Bxd5 Rxe1+ 32. Rxe1 cxd5 33. Bc5+ Kg8 34. Re8+ 1-0

[Event "Mumbai Wealth op U13 4th"]
[Site "Mumbai"]
[Date "2019.01.05"]
[Round "7"]
[White "Dhanvij, Ansh"]
[Black "Tambe, Shardul"]
[Result "1-0"]
[WhiteElo "1523"]
[BlackElo "1250"]
[PlyCount "119"]
[EventDate "2018.12.30"]
[EventType "swiss"]
[EventRounds "9"]
[EventCountry "IND"]
[SourceTitle "CBM 188 Extra"]
[Source "ChessBase"]
[SourceDate "2019.02.28"]
[SourceVersion "1"]
[SourceVersionDate "2019.02.28"]
[SourceQuality "1"]

1. d4 d5 2. c4 c6 3. Nc3 Nf6 4. Nf3 dxc4 5. a4 Bf5 6. e3 e6 7. Bxc4 Bb4 8. 0-0 Nbd7 9. Qb3 Qb6 10. Nh4 Bg6 11. f4 Nd5 12. Nxd5 exd5 13. Be2 Be4 14. Qd1 Qd8 15. Nf3 f6 16. Bd2 Qa5 17. Qe1 Bxd2 18. Nxd2 Qb6 19. Nxe4 dxe4 20. b4 f5 21. a5 Qc7 22. Bc4 Nf6 23. Be6 g6 24. Rc1 Qe7 25. Bb3 Nd5 26. Rc5 Rd8 27. b5 Rd6 28. bxc6 bxc6 29. Ba4 Qc7 30. Qc1 Ne7 31. d5 0-0 32. dxc6 Rfd8 33. Qc3 h6 34. Rb1 Rb8 35. Rxb8+ Qxb8 36. Bb3+ Kh7 37. c7 Qc8 38. Qe5 Qd7 39. Qxe7+ Qxe7 40. c8Q Rd8 41. Qc7 Rd7 42. Qe5 Qh4 43. Qc3 Qe7 44. Qc4 Qg7 45. Qc3 Rd3 46. Qxg7+ Kxg7 47. Rc7+ Kf8 48. Bc2 Rxe3 49. Rxa7 Rc3 50. Ba4 Ra3 51. Bb5 Ra1+ 52. Kf2 Ra2+ 53. Be2 g5 54. a6 g4 55. Rb7 Ra3 56. a7 Rxa7 57. Rxa7 Kg8 58. Kg3 Kf8 59. Kh4 Ke8 60. Kh5 1-0

[Event "Mumbai Wealth op U13 4th"]
[Site "Mumbai"]
[Date "2019.01.04"]
[Round "6"]
[White "Savitha Shri, B."]
[Black "Dhanvij, Ansh"]
[Result "1/2-1/2"]
[WhiteElo "1894"]
[BlackElo "1523"]
[PlyCount "155"]
[EventDate "2018.12.30"]
[EventType "swiss"]
[EventRounds "9"]
[EventCountry "IND"]
[SourceTitle "CBM 188 Extra"]
[Source "ChessBase"]
[SourceDate "2019.02.28"]
[SourceVersion "1"]
[SourceVersionDate "2019.02.28"]
[SourceQuality "1"]

1. e4 c6 2. d4 d5 3. Nc3 dxe4 4. Nxe4 Bf5 5. Ng3 Bg6 6. h4 h6 7. Nf3 Nd7 8. h5 Bh7 9. Bd3 Bxd3 10. Qxd3 Ngf6 11. Bf4 e6 12. 0-0-0 Be7 13. Kb1 0-0 14. c4 Qa5 15. Qe2 Rfe8 16. Ne5 Rac8 17. Qf3 Qa6 18. Rhe1 b5 19. Nxd7 Nxd7 20. d5 cxd5 21. cxd5 exd5 22. Nf5 Bf8 23. Nxh6+ gxh6 24. Qg4+ Bg7 25. Qxd7 Red8 26. Qf5 Qa4 27. Rxd5 Rxd5 28. Qxc8+ Kh7 29. Qc2+ Qxc2+ 30. Kxc2 Rxh5 31. Re7 Rf5 32. Be3 a6 33. Ra7 Rf6 34. Kb3 Kg6 35. Kb4 Rc6 36. b3 Bc3+ 37. Ka3 f5 38. b4 Bf6 39. Bc5 Re6 40. Kb3 f4 41. a4 bxa4+ 42. Kxa4 h5 43. Ra8 Kf7 44. Ka5 h4 45. f3 Re2 46. Kxa6 Rxg2 47. Kb7 h3 48. Rf8+ Ke6 49. Re8+ Kd5 50. Re1 h2 51. Rh1 Be5 52. Ka6 Kc6 53. Bb6 Ra2+ 54. Ba5 Bc3 55. b5+ Kc5 56. Rxh2 Rxh2 57. Bxc3 Ra2+ 58. Ba5 Rb2 59. Bc7 Rb4 60. b6 Kc6 61. Ka7 Ra4+ 62. Kb8 Rb4 63. Ka7 Rd4 64. Kb8 Kd7 65. Ka7 Kc6 66. Kb8 Ra4 67. Bd8 Ra3 68. Bc7 Rxf3 69. b7 Rb3 70. Bxf4 Rxb7+ 71. Ka8 Kb6 72. Bb8 Ka6 73. Be5 Re7 74. Bb8 Kb6 75. Bg3 Re4 76. Bf2+ Kc7 77. Bg3+ Kc8 78. Bf2 1/2-1/2

[Event "Mumbai Wealth op U13 4th"]
[Site "Mumbai"]
[Date "2019.01.03"]
[Round "5"]
[White "Manish, Kumar7"]
[Black "Dhanvij, Ansh"]
[Result "1-0"]
[WhiteElo "1927"]
[BlackElo "1523"]
[PlyCount "78"]
[EventDate "2018.12.30"]
[EventType "swiss"]
[EventRounds "9"]
[EventCountry "IND"]
[SourceTitle "CBM 188 Extra"]
[Source "ChessBase"]
[SourceDate "2019.02.28"]
[SourceVersion "1"]
[SourceVersionDate "2019.02.28"]
[SourceQuality "1"]

1. e4 c6 2. d4 d5 3. Nc3 dxe4 4. Nxe4 Bf5 5. Ng3 Bg6 6. h4 h6 7. Nf3 Nd7 8. h5 Bh7 9. Bd3 Bxd3 10. Qxd3 Ngf6 11. Bd2 e6 12. 0-0-0 Be7 13. Ne4 Nxe4 14. Qxe4 Nf6 15. Qe2 Qd5 16. c4 Qe4 17. Qxe4 Nxe4 18. Be3 0-0 19. Ne5 Rfd8 20. g4 c5 21. f3 cxd4 22. Rxd4 Rxd4 23. Bxd4 Ng3 24. Re1 Bb4 25. Rd1 Bd6 26. Kd2 Rd8 27. Ke1 f6 28. Bc5 Bc7 29. Rxd8+ Bxd8 30. Nd3 Bc7 31. Bxa7 f5 32. Nc5 Kf7 33. Nxb7 fxg4 34. fxg4 Ne4 35. Ke2 Nf6 36. Kf3 Nd7 37. Bd4 Be5 38. Ke4 Bxd4 39. Kxd4 Kf6 1-0

[Event "Mumbai Wealth rating op 4th"]
[Site "Mumbai"]
[Date "2019.01.01"]
[Round "3"]
[White "Dhanvij, Ansh"]
[Black "Bhagyashree, Patil"]
[Result "1-0"]
[WhiteElo "1523"]
[BlackElo "1758"]
[PlyCount "129"]
[EventDate "2018.12.30"]
[EventType "swiss"]
[EventRounds "9"]
[EventCountry "IND"]
[SourceTitle "CBM 188 Extra"]
[Source "ChessBase"]
[SourceDate "2019.02.28"]
[SourceVersion "1"]
[SourceVersionDate "2019.02.28"]
[SourceQuality "1"]

1. d4 d5 2. c4 e6 3. Nc3 Nf6 4. Nf3 Be7 5. Bf4 0-0 6. h3 b6 7. cxd5 Nxd5 8. Bh2 Bb7 9. e3 c5 10. Bd3 cxd4 11. exd4 Nd7 12. 0-0 N7f6 13. Re1 Nb4 14. Ne5 Nxd3 15. Qxd3 Nd7 16. Nxd7 Qxd7 17. Qe3 Bd6 18. Be5 Rfd8 19. Red1 Bxe5 20. dxe5 Qc6 21. Qg5 Rxd1+ 22. Rxd1 h6 23. Qg4 Rc8 24. f3 b5 25. a3 a5 26. Qd4 Qc5 27. Qxc5 Rxc5 28. Rd8+ Kh7 29. Rd7 Bc6 30. Rxf7 b4 31. axb4 axb4 32. Na2 b3 33. Nb4 Bb5 34. f4 Rc1+ 35. Kh2 Rb1 36. Rb7 Bc4 37. Rc7 Rxb2 38. Rxc4 Rxg2+ 39. Kxg2 b2 40. Nd3 b1Q 41. Nf2 Kg6 42. Rc3 Kf5 43. Rf3 Qa1 44. Ng4 Qa2+ 45. Kg3 Qb1 46. Kg2 Ke4 47. Nf2+ Kd4 48. Rd3+ Kc4 49. h4 Qc1 50. Kf3 Qg1 51. Rd6 Qh2 52. Rxe6 Qxh4 53. Rc6+ Kb5 54. Rd6 g5 55. fxg5 hxg5 56. Rf6 Kc4 57. e6 Qh5+ 58. Ke3 Qh2 59. Rf5 Qg3+ 60. Ke4 g4 61. Rf4 Kc5 62. e7 Qg2+ 63. Ke3 Qg1 64. Ke2 Qh2 65. Rf5+ 1-0

[Event "Mumbai Wealth op U13 4th"]
[Site "Mumbai"]
[Date "2018.12.30"]
[Round "1"]
[White "Dhanvij, Ansh"]
[Black "Aashay, Doshi"]
[Result "1-0"]
[WhiteElo "1523"]
[BlackElo "1890"]
[PlyCount "49"]
[EventDate "2018.12.30"]
[EventType "swiss"]
[EventRounds "9"]
[EventCountry "IND"]
[SourceTitle "CBM 188 Extra"]
[Source "ChessBase"]
[SourceDate "2019.02.28"]
[SourceVersion "1"]
[SourceVersionDate "2019.02.28"]
[SourceQuality "1"]

1. d4 d5 2. c4 c5 3. e3 Nc6 4. Nf3 Nf6 5. dxc5 dxc4 6. Qc2 Bg4 7. Nbd2 e6 8. Qxc4 Qd5 9. Qxd5 exd5 10. Bb5 Bxc5 11. Ne5 a6 12. Bxc6+ bxc6 13. Nxc6 0-0 14. Nb3 Bd7 15. Ne5 Bb4+ 16. Bd2 Bd6 17. Nxd7 Nxd7 18. 0-0 Rfe8 19. Rfd1 Rac8 20. Bc3 Be5 21. Rxd5 Nf6 22. Rxe5 Re6 23. Rxe6 fxe6 24. Bxf6 gxf6 25. Rc1 1-0